Statistics for Guess The Animal By Picture

Click here to take the quiz!

General Stats

  • This quiz has been taken 34 times
  • The average score is 14 of 15

Answer Stats

Answer% Correct
Ant
100%
Camel
100%
Cat
100%
Dog
100%
Elephant
100%
Frog
100%
Hippo
100%
Snake
100%
Tiger
100%
Zebra
100%
Giraffe
97%
Ostrich
94%
Beaver
91%
Kangaroo
85%
Porcupine
70%

Score Distribution

Percentile by Number Answered

Percent of People with Each Score

Your Score History

You have not taken this quiz